| 000 | 00637nam a22002057a 4500 | ||
|---|---|---|---|
| 003 | BD-DhUL | ||
| 005 | 20170817160050.0 | ||
| 008 | 170817snd ua ||||| |||| 000 0 ara d | ||
| 040 |
_aBD-DhUL _cBD-DhUL |
||
| 082 |
_a963 _bAMN |
||
| 100 | 3 | _aامین شاکر۔ | |
| 245 | 0 |
_aاضواء علی الحبشۃ / _cامین شاکر۔ |
|
| 246 | _aAzwa alā al-Ḥabsha. | ||
| 260 |
_aمصر : _bدار المعارف، _c۰۰۰۰۔ |
||
| 300 |
_aص۔ ۱۶۸ : تصویر ؛ _c۱۸ سم۔ |
||
| 650 | 0 | _aHistory. | |
| 700 |
_aسعید العریان۔ _eJt. auth. |
||
| 700 |
_4مصطفی امین۔ _eJt. auth. |
||
| 942 |
_2ddc _cBK |
||
| 999 |
_c213474 _d213474 |
||